Econometric analysis of cross section and panel data / (Record no. 14148)

000 -LEADER
fixed length control field 00821cam a22001934a 4500
020 ## - INTERNATIONAL STANDARD BOOK NUMBER
ISBN 0262232197 (cloth)
020 ## - INTERNATIONAL STANDARD BOOK NUMBER
ISBN 9780262232197 (cloth)
020 ## - INTERNATIONAL STANDARD BOOK NUMBER
ISBN 0262232332 (Solutions manual)
020 ## - INTERNATIONAL STANDARD BOOK NUMBER
ISBN 9780262232333 (Solutions manual)
040 ## - CATALOGING SOURCE
Transcribing agency DLC
082 ## - DEWEY DECIMAL CLASSIFICATION NUMBER
Classification number 330 MIT 2002 A066 Or.
100 1# - MAIN ENTRY--AUTHOR NAME
Personal name Wooldridge, Jeffrey M.,
245 10 - TITLE STATEMENT
Title Econometric analysis of cross section and panel data /
260 ## - PUBLICATION, DISTRIBUTION, ETC. (IMPRINT)
Place of publication Cambridge, Mass. :
Name of publisher MIT Press,
Year of publication c2002.
300 ## - PHYSICAL DESCRIPTION
Number of Pages xxi, 752 p. ;
Dimensions 24 cm.
520 ## - SUMMARY, ETC.
Summary, etc This text provides a rigorous treatment of contemporary methods used in microeconometric research. The book makes clear that applied microeconometrics is about the estimation of marginal and treatment effects, and that parametric estimation is simply a means to this end.
650 #0 - SUBJECT ADDED ENTRY--TOPICAL TERM
Topical Term Econometrics
942 ## - ADDED ENTRY ELEMENTS (KOHA)
Koha item type សៀវភៅភាសាអង់គ្លេស
952 ## - LOCATION AND ITEM INFORMATION (KOHA)
Withdrawn status [LOCAL, KOHA] 0
Holdings
Permanent Location Date acquired Koha item type Lost status Shelving location Barcode Current Location Full call number
Library Block A2017-10-07សៀវភៅភាសាអង់គ្លេស A066A15058Library Block A330 MIT 2002 A066 Or.
មជ្ឈមណ្ឌលឯការនៃសាកលវិទ្យាល័យភូមិន្ទកសិកម្មចំការដូង

Powered by Koha